000 00400nam a2200169Ia 4500
001 11869
003 IN-NITTTR
005 20251114233111.0
008 251113s9999||||xx |||||||||||||| ||eng||
040 _beng
040 _cIN-NITTTR
041 _aeng
082 _a621.3815028 N152D
100 _aNamgostar, M.
245 0 _aDigital equipment troubleshooting. /
_cNamgostar, M.
942 _2ddc
_cBK
999 _c14505
_d14505